Plane Trigonometry/ (Record no. 205475)

MARC details
000 -LEADER
fixed length control field 00573nam a22001817a 4500
005 - DATE AND TIME OF LATEST TRANSACTION
control field 20240903110749.0
010 ## - LCCN (DPL NO)
LC control number ENG-141570
020 ## - INTERNATIONAL STANDARD BOOK NUMBER
Terms of availability 250.00
International Standard Book Number 9789385923487
035 ## - SYSTEM CONTROL NUMBER
System control number EN-125102
037 ## - SOURCE OF ACQUISITION
Source of stock number/acquisition DBAD/PUB
082 ## - DEWEY DECIMAL CLASSIFICATION NUMBER
Classification number 512
100 ## - MAIN ENTRY--PERSONAL NAME
Personal name Loney,SL
245 ## - TITLE STATEMENT
Title Plane Trigonometry/
Statement of responsibility, etc By Loney ,SL
Medium English
260 ## - PUBLICATION, DISTRIBUTION, ETC. (IMPRINT)
Place of publication, distribution, etc New Delhi
Name of publisher, distributor, etc New Age International(P)Limited
Date of publication, distribution, etc 2017
270 ## - ADDRESS
City New Delhi
Address 7/30 A,Daryaganj,New Delhi
Postal code 110002
Telephone number (011)23262368
-- (011)23262370
300 ## - PHYSICAL DESCRIPTION
Extent xii,xxxiii,258p.
Dimensions 24cm(pbk)
942 ## - ADDED ENTRY ELEMENTS (KOHA)
Source of classification or shelving scheme Dewey Decimal Classification
Item type English Books
Classification part 512
Call number suffix LON
Edition 1
Holdings
Withdrawn status Lost status Not for loan Collection code Home library Current library Date acquired Source of acquisition Cost, normal purchase price Full call number Barcode Copy number Cost, replacement price Koha item type
      Non-fiction Shahdara Branch Shahdara Branch 03/09/2024 DBAD 250.00 512 LON EN-125102 1 250.00 English Books

© Delhi Public Library
Hit Counter
free hit counter